La Première Internationale (Record no. 17779)

MARC details
000 -LEADER
campo de control de longitud fija 00894nam a2200217 i 4500
001 - NÚMERO DE CONTROL
campo de control 17779
003 - IDENTIFICADOR DE NÚMERO DE CONTROL
campo de control ES-MaACL
005 - FECHA Y HORA DE LA ÚLTIMA TRANSACCIÓN
campo de control 20230906151653.0
007 - CAMPO FIJO DE DESCRIPCIÓN FÍSICA--INFORMACIÓN GENERAL
campo de control de longitud fija t|
008 - DATOS DE LONGITUD FIJA--INFORMACIÓN GENERAL
campo de control de longitud fija 010524s1968 fr ||||1| fre d
080 ## - NÚMERO DE LA CLASIFICACIÓN DECIMAL UNIVERSAL
Número de la Clasificación Decimal Universal 327.323.1:061.3(44)"1964"
245 03 - MENCIÓN DEL TÍTULO
Título La Première Internationale
Resto del título : l'institution, l'implantation, le rayonnement : Paris, 16-18 novembre 1964.
260 ## - PUBLICACIÓN, DISTRIBUCIÓN, ETC.
Lugar de publicación, distribución, etc. Paris :
Nombre del editor, distribuidor, etc. Centre National de la Recherche Scientifique,
Fecha de publicación, distribución, etc. 1968.
300 ## - DESCRIPCIÓN FÍSICA
Extensión 495 p. :
Otras características físicas il. ;
Dimensiones 24 cm.
500 ## - NOTA GENERAL
Nota general Precede al tit.: Colloques Internationaux du Centre National de la Recherche Scientifique. Sciences humaines.
500 ## - NOTA GENERAL
Nota general Biblioteca Juan Andrade.
610 2# - PUNTO DE ACCESO ADICIONAL DE MATERIA--NOMBRE DE ENTIDAD CORPORATIVA
Nombre de entidad corporativa o nombre de jurisdicción como elemento de entrada Asociación Internacional de los Trabajadores (1864-1876)
9 (RLIN) 171768
711 2# - ENTRADA AGREGADA--NOMBRE DE REUNIÓN
Nombre de congreso/reunión o jurisdicción como elemento de entrada Colloque International sur la Première International (
Fecha del congreso o de la firma del tratado 1964.
Sede del congreso/Lugar de la reunión Paris)
9 (RLIN) 197639
852 ## - LOCALIZACIÓN
Ubicación ES-MaACL
Número de control de estantería AND-32
Sublocalización o colección R.109362
Holdings
Estatus retirado Estado de pérdida Estado de daño No para préstamo Biblioteca de origen Biblioteca actual Ubicación en estantería Fecha de adquisición Fuente de adquisición Total de préstamos Signatura topográfica completa Código de barras Visto por última vez Precio de reemplazo Tipo de ítem Koha
        Biblioteca del Ateneo de Madrid Biblioteca del Ateneo de Madrid Depósito 2 17/01/2008     AND-32 1018152 23/02/2023 23/02/2023 Libro impreso